Statistics for Biggest Mediterranean Cities

Click here to take the quiz!

General Stats

  • This quiz has been taken 53,950 times
    (39,290 since last reset)
  • The average score is 10 of 16

Answer Stats

PopulationContinentCity% Correct
3.50 mEuropeAthens
91%
3.50 mEuropeRome
90%
4.88 mEuropeBarcelona
87%
2.73 mAfricaTunis
85%
5.95 mAfricaAlexandria
79%
4.03 mAfricaAlgiers
77%
4.15 mEuropeNaples
75%
1.29 mAfricaTripoli
71%
2.73 mAsiaTel Aviv
70%
1.68 mEuropeMarseille
65%
1.79 mAsiaBeirut
64%
2.03 mEuropeValencia
48%
3.05 mAsiaIzmir
36%
1.34 mAsiaAntalya
22%
1.51 mAfricaOran
16%
2.03 mAsiaGaza
15%

Score Distribution

Percentile by Number Answered

Percent of People with Each Score

Your Score History

You have not taken this quiz since the last reset